000
00290nam a2200109Ia 4500
008
200302s9999 xx 000 0 und d
100
_a
Dr. Thalia Kennedy
245
_a
1001 Images Of Taj Mahal, A Great Wonder Of the World
260
_b
R.K. Publications
260
_c
2009
300
_a
353 P
999
_c
4227
_d
4227